#1 Alternative Hits 1988-1989 - Statistics

General Stats
  • This quiz has been taken 37 times
  • The average score is 9 of 22
Answer Stats
Song title Hint Artist % Correct
Desire the Edge U2
91%
Channel Z not a bomber The B-52's
88%
Love Shack 2nd time on the list The B-52's
88%
Orange Crush Athens, Georgia REM
85%
Stand 2nd time on the list REM
85%
Sowing the Seeds of Love shout Tears for Fears
79%
Veronica not the king Elvis Costello
48%
Love and Anger Wuthering Heights Kate Bush
48%
Peek-A-Boo see photo Siouxsie and the Banshees
36%
Fascination Street Smith The Cure
33%
Mayor of Simpleton dear God XTC
33%
Disappointed post-Johnny Rotten Public Image Ltd
30%
All That Money Wants pretty in pink The Psychedelic Furs
30%
So Alive post-Bauhaus Love and Rockets
27%
Just Play Music Mick Jones post Clash Big Audio Dynamite
24%
Pictures of Matchstick Men take the skinheads bowling Camper Van Beethoven
24%
Charlotte Anne world, shut your mouth Julian Cope
24%
Dirty Blvd. no Nico here Lou Reed
24%
I'll Be You swinging party The Replacements
12%
Come Anytime famous at Bryce? Hoodoo Gurus
6%
Proud to Fall post-Echo Ian McCulloch
6%
Blues from a Gun April skies, head on The Jesus and Mary Chain
6%
No matching quizzes found
Score Distribution
Percent of People with Each Score
Percentile by Number Answered
Your Score History
You have not taken this quiz